[Event "CRO Cup"]
[Site "Mali Losinj"]
[Date "2017.05.11"]
[Round "3.7"]
[White "Mrdja, Milan"]
[Black "Begonja, Veljko"]
[Result "1-0"]
[WhiteElo "2299"]
[BlackElo "2125"]
[PlyCount "113"]
[EventDate "2017.05.10"]
[EventType "team-swiss"]
[EventRounds "6"]
[EventCountry "CRO"]
[SourceTitle "CBM 178 Extra"]
[Source "ChessBase"]
[SourceDate "2017.06.22"]
[SourceVersion "1"]
[SourceVersionDate "2017.06.22"]
[SourceQuality "1"]
[WhiteTeam "Vukovar"]
[BlackTeam "Rijeka Junior"]
[WhiteTeamCountry "CRO"]
[BlackTeamCountry "CRO"]

1. e4 g6 2. d4 Bg7 3. Nc3 c6 4. f4 d5 5. e5 h5 6. Nf3 Nh6 7. Be3 Bg4 8. Be2 Nf5 9. Bf2 e6 10. Qd2 Bf8 11. a3 a5 12. g3 h4 13. 0-0-0 b5 14. Ng5 Bxe2 15. Nxe2 h3 16. g4 Nh6 17. Rhg1 Be7 18. Nf3 a4 19. c3 Nd7 20. Qd3 Qa5 21. Nd2 Nb6 22. Qxh3 Kd7 23. Qf3 Rac8 24. Kc2 Nc4 25. Nc1 Qd8 26. Nd3 Kc7 27. Nb4 Kb7 28. Nxc4 bxc4 29. Be3 Qd7 30. h3 Rcf8 31. Rdf1 Ng8 32. Kb1 f6 33. Qg2 Bd8 34. Qc2 Ba5 35. Qxa4 Ra8 36. Rf3 Bd8 37. Qc2 Qh7 38. Bc1 Be7 39. Rd1 Bxb4 40. cxb4 f5 41. b3 cxb3 42. Rxb3 Qd7 43. gxf5 gxf5 44. Rg1 Rh7 45. b5 cxb5 46. Qc5 Ka6 47. a4 Rc8 48. Qxb5+ Qxb5 49. axb5+ Kb6 50. Ba3 Ne7 51. Bc5+ Kb7 52. Ra3 Ra8 53. Rxa8 Kxa8 54. Rg3 Nc8 55. Kc2 Rh4 56. Rg7 Rxh3 57. b6 1-0

[Event "CRO-chT2 West"]
[Site "Croatia"]
[Date "2015.03.22"]
[Round "6.3"]
[White "Ugulin, Silvano"]
[Black "Begonja, Veljko"]
[Result "0-1"]
[WhiteElo "2023"]
[BlackElo "2156"]
[PlyCount "104"]
[EventDate "2015.02.21"]
[EventType "team-tourn"]
[EventRounds "9"]
[EventCountry "CRO"]
[SourceTitle "EXT 2016"]
[Source "ChessBase"]
[SourceDate "2015.10.08"]
[SourceVersion "1"]
[SourceVersionDate "2015.10.08"]
[SourceQuality "1"]
[WhiteTeam "Rovinj Batana"]
[BlackTeam "Rijeka Junior"]
[WhiteTeamCountry "CRO"]
[BlackTeamCountry "CRO"]

1. e4 g6 2. d4 Bg7 3. Nf3 d6 4. Nc3 Nf6 5. h3 c6 6. Be3 0-0 7. Qd2 Qc7 8. Bd3 Nbd7 9. 0-0 e5 10. Bh6 b6 11. Bxg7 Kxg7 12. b4 a6 13. Ne2 h6 14. Nh2 exd4 15. Nxd4 c5 16. Ndf3 Bb7 17. Ng4 Nxg4 18. hxg4 Ne5 19. Nxe5 dxe5 20. Qc3 Rac8 21. bxc5 Qxc5 22. Qxc5 Rxc5 23. Rfb1 Rc6 24. Rb4 Rd8 25. Rab1 Rdd6 26. a4 Bc8 27. f3 Kf6 28. Kf2 Ke7 29. Ke3 Rf6 30. g3 g5 31. Ke2 Kd8 32. Ke3 Kc7 33. R1b2 Rc5 34. Rc4 Rfc6 35. Rxc5 Rxc5 36. f4 Ra5 37. fxg5 hxg5 38. Bc4 Rxa4 39. Bxf7 Bb7 40. Bg6 Ra3+ 41. Kd2 Rxg3 42. Bf5 Bc6 43. Rb1 Rg2+ 44. Kc3 Ba4 45. Rh1 a5 46. Rh5 Rxc2+ 47. Kd3 Rc5 48. Rxg5 Bc2+ 49. Kd2 Rc4 50. Ke3 a4 51. Rg8 a3 52. Kd2 Ra4 0-1

[Event "CRO-chT"]
[Site "Bol"]
[Date "2014.05.16"]
[Round "4.9"]
[White "Susnjar, Miroslav"]
[Black "Begonja, Veljko"]
[Result "1-0"]
[WhiteElo "2210"]
[BlackElo "2213"]
[PlyCount "71"]
[EventDate "2014.05.14"]
[EventType "team-swiss"]
[EventRounds "6"]
[EventCountry "CRO"]
[SourceTitle "CBM 160 Extra"]
[Source "ChessBase"]
[SourceDate "2014.07.01"]
[SourceVersion "1"]
[SourceVersionDate "2014.07.01"]
[SourceQuality "1"]
[WhiteTeam "Osijek"]
[BlackTeam "Rijeka Junior"]
[WhiteTeamCountry "CRO"]
[BlackTeamCountry "CRO"]

1. d4 g6 2. Nf3 Bg7 3. g3 d6 4. Bg2 Nf6 5. b3 0-0 6. Bb2 Nbd7 7. 0-0 c6 8. Nbd2 Qc7 9. e4 Nb6 10. h3 Nfd7 11. a4 a5 12. Re1 Rd8 13. Qe2 Nf8 14. e5 d5 15. Nh4 f5 16. c3 Be6 17. Nhf3 h6 18. Rec1 Bf7 19. Ne1 Ne6 20. Nd3 Qb8 21. Ba3 Bf8 22. Qe3 Qa7 23. g4 Kh7 24. Bf1 Ng7 25. f4 Nd7 26. Nf3 Be6 27. Nf2 b6 28. Bd3 c5 29. Nh4 Rac8 30. Qg3 Rc6 31. Nxg6 Kxg6 32. gxf5+ Kf7 33. Qg6+ Kg8 34. fxe6 Rxe6 35. Qh7+ Kf7 36. f5 1-0